[Event "Deutsche Ländermeisterschaft 2023"]
[Site "Hannover GER"]
[Date "2023.10.01"]
[Round "1"]
[White "Wilmink, Anna"]
[Black "Loos, Tilda"]
[Result "1-0"]
[Termination "normal"]
[Board "4.7"]
[WhiteElo "1794"]
[BlackElo "1423"]
[WhiteClock "00:22:10"]
[BlackClock "00:26:53"]
[WhiteTeam "Niedersachsen"]
[BlackTeam "Thüringen"]
[PlyCount "91"]
[WhiteFideId "16273680"]
[BlackFideId "34620559"]
[EventCountry "GER"]
[EventRounds "7"]
[EventType "team-swiss"]
[EventDate "2023.09.30"]

1. e4 {[%clk 01:30:58]} c5 {[%clk 01:30:51]} {[%emt 00:00:09]} 2. Nf3 {[%clk
01:31:19]} {[%emt 00:00:08]} e6 {[%clk 01:31:07]} {[%emt 00:00:14]} 3. d4
{[%clk 01:31:34]} {[%emt 00:00:15]} cxd4 {[%clk 01:31:24]} {[%emt 00:00:14]} 4.
Nxd4 {[%clk 01:31:51]} {[%emt 00:00:12]} a6 {[%clk 01:31:36]} {[%emt 00:00:18]}
5. a3 {[%clk 01:30:37]} {[%emt 00:01:44]} b5 {[%clk 01:30:16]} {[%emt
00:01:50]} 6. Nc3 {[%clk 01:29:26]} {[%emt 00:01:41]} Bb7 {[%clk 01:30:15]}
{[%emt 00:00:31]} 7. Be2 {[%clk 01:28:07]} {[%emt 00:01:48]} Qc7 {[%clk
01:28:37]} {[%emt 00:02:08]} 8. Bf3 {[%clk 01:22:46]} {[%emt 00:05:52]} Nf6
{[%clk 01:18:28]} {[%emt 00:10:40]} 9. O-O {[%clk 01:16:58]} {[%emt 00:06:17]}
d6 {[%clk 01:09:17]} {[%emt 00:09:40]} 10. g3 {[%clk 01:04:31]} {[%emt
00:12:58]} Nbd7 {[%clk 01:06:57]} {[%emt 00:02:49]} 11. Bg2 {[%clk 01:02:49]}
{[%emt 00:02:12]} Be7 {[%clk 01:05:42]} {[%emt 00:01:46]} 12. Nb3 {[%clk
00:58:22]} {[%emt 00:04:58]} Rc8 {[%clk 00:40:57]} {[%emt 00:25:15]} 13. Kh1
{[%clk 00:46:16]} {[%emt 00:12:36]} Ne5 {[%clk 00:35:06]} {[%emt 00:06:21]} 14.
f4 {[%clk 00:43:17]} {[%emt 00:03:29]} Nc4 {[%clk 00:35:27]} {[%emt 00:00:08]}
15. Qe2 {[%clk 00:39:54]} {[%emt 00:03:53]} Rd8 {[%clk 00:32:34]} {[%emt
00:03:23]} 16. Nd2 {[%clk 00:36:50]} {[%emt 00:03:35]} Nd7 {[%clk 00:28:36]}
{[%emt 00:06:15]} 17. Nxc4 {[%clk 00:29:28]} {[%emt 00:06:04]} Qxc4 {[%clk
00:28:58]} {[%emt 00:00:08]} 18. Qxc4 {[%clk 00:21:44]} {[%emt 00:08:14]} bxc4
{[%clk 00:29:22]} {[%emt 00:00:06]} 19. Be3 {[%clk 00:20:12]} {[%emt 00:02:02]}
Rc8 {[%clk 00:28:41]} {[%emt 00:01:11]} 20. Rab1 {[%clk 00:15:37]} {[%emt
00:05:05]} O-O {[%clk 00:28:17]} {[%emt 00:00:54]} 21. Rfd1 {[%clk 00:15:10]}
{[%emt 00:00:57]} Rfd8 {[%clk 00:28:30]} {[%emt 00:00:17]} 22. Na4 {[%clk
00:14:58]} {[%emt 00:00:42]} Rb8 {[%clk 00:27:02]} {[%emt 00:01:57]} 23. b4
{[%clk 00:13:39]} {[%emt 00:01:49]} Nf6 {[%clk 00:23:30]} {[%emt 00:04:02]} 24.
Nc3 {[%clk 00:12:59]} {[%emt 00:01:12]} Ng4 {[%clk 00:22:52]} {[%emt 00:01:08]}
25. Bg1 {[%clk 00:12:25]} {[%emt 00:01:04]} Rd7 {[%clk 00:18:33]} {[%emt
00:04:49]} 26. h3 {[%clk 00:10:58]} {[%emt 00:01:57]} Nh6 {[%clk 00:14:29]}
{[%emt 00:04:34]} 27. Rd2 {[%clk 00:09:24]} {[%emt 00:02:04]} Rbd8 {[%clk
00:14:36]} {[%emt 00:00:22]} 28. Rbd1 {[%clk 00:09:04]} {[%emt 00:00:51]} f6
{[%clk 00:12:35]} {[%emt 00:02:30]} 29. Kh2 {[%clk 00:08:19]} {[%emt 00:01:15]}
Nf7 {[%clk 00:12:41]} {[%emt 00:00:24]} 30. Na4 {[%clk 00:07:42]} {[%emt
00:01:07]} d5 {[%clk 00:09:58]} {[%emt 00:03:12]} 31. Nb6 {[%clk 00:06:15]}
{[%emt 00:01:57]} c3 {[%clk 00:08:17]} {[%emt 00:02:11]} 32. Rd3 {[%clk
00:06:05]} {[%emt 00:00:40]} Rd6 {[%clk 00:05:33]} {[%emt 00:03:14]} 33. exd5
{[%clk 00:06:19]} {[%emt 00:00:16]} exd5 {[%clk 00:05:29]} {[%emt 00:00:34]}
34. Nxd5 {[%clk 00:05:36]} {[%emt 00:01:14]} Bxd5 {[%clk 00:03:45]} {[%emt
00:02:14]} 35. Bxd5 {[%clk 00:05:22]} {[%emt 00:00:44]} Kf8 {[%clk 00:02:37]}
{[%emt 00:01:38]} 36. Bc4 {[%clk 00:04:34]} {[%emt 00:01:18]} Rc8 {[%clk
00:01:47]} {[%emt 00:01:20]} 37. Rxd6 {[%clk 00:03:16]} {[%emt 00:01:48]} Nxd6
{[%clk 00:02:06]} {[%emt 00:00:11]} 38. Bxa6 {[%clk 00:02:25]} {[%emt
00:01:22]} Ra8 {[%clk 00:02:11]} {[%emt 00:00:24]} 39. b5 {[%clk 00:01:48]}
{[%emt 00:01:07]} Rb8 {[%clk 00:00:42]} {[%emt 00:01:58]} 40. a4 {[%clk
00:01:25]} {[%emt 00:00:53]} Nc4 {[%clk 00:00:45]} {[%emt 00:00:28]} 41. Rd3
{[%clk 00:25:48]} {[%emt 00:06:06]} Nb2 {[%clk 00:27:25]} {[%emt 00:03:51]} 42.
Rxc3 {[%clk 00:25:55]} {[%emt 00:00:23]} Nxa4 {[%clk 00:27:13]} {[%emt
00:00:41]} 43. Rc8+ {[%clk 00:25:25]} {[%emt 00:01:00]} Rxc8 {[%clk 00:27:36]}
{[%emt 00:00:07]} 44. Bxc8 {[%clk 00:25:44]} {[%emt 00:00:11]} Ke8 {[%clk
00:26:54]} {[%emt 00:01:12]} 45. b6 {[%clk 00:24:49]} {[%emt 00:01:26]} Bd6
{[%clk 00:26:53]} {[%emt 00:00:30]} 46. Kg2 {[%clk 00:22:10]} {[%emt 00:03:11]}
*

[Event "Deutsche Ländermeisterschaft 2023"]
[Site "Hannover GER"]
[Date "2023.10.01"]
[Round "1"]
[White "Albrecht, Sidney Jenna"]
[Black "Baklan, Kira"]
[Result "1-0"]
[Termination "normal"]
[Board "4.8"]
[WhiteElo "1030"]
[BlackElo "1096"]
[WhiteClock "00:51:51"]
[BlackClock "01:10:50"]
[WhiteTeam "Thüringen"]
[BlackTeam "Niedersachsen"]
[PlyCount "65"]
[WhiteFideId "34660283"]
[BlackFideId "34186514"]
[EventCountry "GER"]
[EventRounds "7"]
[EventType "team-swiss"]
[EventDate "2023.09.30"]

1. c4 {[%clk 01:30:57]} {[%emt 00:00:02]} Nf6 {[%clk 01:30:40]} {[%emt
00:00:21]} 2. Nc3 {[%clk 01:30:47]} {[%emt 00:00:39]} g6 {[%clk 01:30:46]}
{[%emt 00:00:24]} 3. g3 {[%clk 01:30:44]} {[%emt 00:00:33]} Bg7 {[%clk
01:30:44]} {[%emt 00:00:32]} 4. Bg2 {[%clk 01:31:01]} {[%emt 00:00:13]} Nc6
{[%clk 01:30:33]} {[%emt 00:00:42]} 5. e3 {[%clk 01:30:41]} {[%emt 00:00:50]}
d6 {[%clk 01:30:40]} {[%emt 00:00:23]} 6. Nge2 {[%clk 01:29:47]} {[%emt
00:01:24]} Ne5 {[%clk 01:30:04]} {[%emt 00:01:06]} 7. d4 {[%clk 01:25:57]}
{[%emt 00:04:20]} Nxc4 {[%clk 01:30:15]} {[%emt 00:00:19]} 8. Qa4+ {[%clk
01:26:09]} {[%emt 00:00:18]} Qd7 {[%clk 01:29:24]} {[%emt 00:01:21]} 9. Qxc4
{[%clk 01:25:46]} {[%emt 00:00:52]} e6 {[%clk 01:28:19]} {[%emt 00:01:35]} 10.
O-O {[%clk 01:21:54]} {[%emt 00:04:22]} d5 {[%clk 01:28:33]} {[%emt 00:00:16]}
11. Qd3 {[%clk 01:19:40]} {[%emt 00:02:44]} O-O {[%clk 01:28:41]} {[%emt
00:00:21]} 12. e4 {[%clk 01:15:25]} {[%emt 00:04:45]} dxe4 {[%clk 01:27:44]}
{[%emt 00:01:27]} 13. Nxe4 {[%clk 01:15:17]} {[%emt 00:00:39]} Nxe4 {[%clk
01:27:30]} {[%emt 00:00:43]} 14. Bxe4 {[%clk 01:15:12]} {[%emt 00:00:34]} Rd8
{[%clk 01:27:34]} {[%emt 00:00:25]} 15. Be3 {[%clk 01:13:51]} {[%emt 00:01:52]}
e5 {[%clk 01:27:13]} {[%emt 00:00:50]} 16. Rad1 {[%clk 01:13:13]} {[%emt
00:01:08]} exd4 {[%clk 01:26:35]} {[%emt 00:01:08]} 17. Nxd4 {[%clk 01:11:42]}
{[%emt 00:02:02]} a6 {[%clk 01:23:55]} {[%emt 00:03:10]} 18. Rd2 {[%clk
01:08:59]} {[%emt 00:03:13]} Kh8 {[%clk 01:23:07]} {[%emt 00:01:18]} 19. Rfd1
{[%clk 01:06:54]} {[%emt 00:02:35]} Bf6 {[%clk 01:18:55]} {[%emt 00:04:41]} 20.
Nf3 {[%clk 01:01:23]} {[%emt 00:06:02]} Qxd3 {[%clk 01:18:10]} {[%emt
00:01:15]} 21. Bxd3 {[%clk 01:01:31]} {[%emt 00:00:21]} Be6 {[%clk 01:18:04]}
{[%emt 00:00:35]} 22. b3 {[%clk 01:00:32]} {[%emt 00:01:29]} Bg4 {[%clk
01:16:31]} {[%emt 00:02:03]} 23. Be4 {[%clk 00:57:55]} {[%emt 00:03:07]} Rxd2
{[%clk 01:15:31]} {[%emt 00:01:30]} 24. Rxd2 {[%clk 00:58:08]} {[%emt
00:00:16]} c6 {[%clk 01:15:54]} {[%emt 00:00:07]} 25. Ng5 {[%clk 00:57:04]}
{[%emt 00:01:34]} Bxg5 {[%clk 01:14:57]} {[%emt 00:01:27]} 26. Bxg5 {[%clk
00:57:21]} {[%emt 00:00:13]} Re8 {[%clk 01:14:41]} {[%emt 00:00:46]} 27. Rd4
{[%clk 00:55:58]} {[%emt 00:01:53]} f5 {[%clk 01:14:08]} {[%emt 00:01:03]} 28.
Bd3 {[%clk 00:53:30]} {[%emt 00:02:58]} Bh3 {[%clk 01:13:34]} {[%emt 00:01:03]}
29. Bd2 {[%clk 00:53:04]} {[%emt 00:00:57]} c5 {[%clk 01:12:44]} {[%emt
00:01:20]} 30. Rd7 {[%clk 00:52:08]} {[%emt 00:01:25]} b6 {[%clk 01:12:48]}
{[%emt 00:00:26]} 31. Bxa6 {[%clk 00:52:03]} {[%emt 00:00:35]} Ra8 {[%clk
01:12:49]} {[%emt 00:00:28]} 32. Bc4 {[%clk 00:51:51]} {[%emt 00:00:42]} f4
{[%clk 01:10:50]} {[%emt 00:02:29]} 33. Bc3# {[%emt 00:00:25]} 1-0

[Event "Deutsche Ländermeisterschaft 2023"]
[Site "Hannover GER"]
[Date "2023.10.01"]
[Round "1"]
[White "Tschernatsch, Johannes"]
[Black "Nguyen, Alex Dac-Vuong"]
[Result "0-1"]
[Termination "normal"]
[Board "5.1"]
[WhiteTitle "FM"]
[BlackTitle "FM"]
[WhiteElo "2346"]
[BlackElo "2333"]
[WhiteClock "00:28:50"]
[BlackClock "00:22:43"]
[WhiteTeam "Brandenburg"]
[BlackTeam "Sachsen"]
[PlyCount "93"]
[WhiteFideId "16223977"]
[BlackFideId "12984388"]
[EventCountry "GER"]
[EventRounds "7"]
[EventType "team-swiss"]
[EventDate "2023.09.30"]

1. e4 {[%clk 01:30:57]} {[%emt 00:00:02]} e6 {[%clk 01:30:54]} {[%emt
00:00:06]} 2. d4 {[%clk 01:31:21]} {[%emt 00:00:06]} d5 {[%clk 01:31:20]}
{[%emt 00:00:04]} 3. Nd2 {[%clk 01:31:44]} {[%emt 00:00:07]} c5 {[%clk
01:31:45]} {[%emt 00:00:05]} 4. Ngf3 {[%clk 01:32:08]} {[%emt 00:00:06]} cxd4
{[%clk 01:32:07]} {[%emt 00:00:08]} 5. Nxd4 {[%clk 01:32:32]} {[%emt 00:00:06]}
Nf6 {[%clk 01:32:30]} {[%emt 00:00:07]} 6. exd5 {[%clk 01:32:21]} {[%emt
00:00:42]} Qxd5 {[%clk 01:31:39]} {[%emt 00:01:21]} 7. Nb5 {[%clk 01:32:41]}
{[%emt 00:00:10]} Qd8 {[%clk 01:31:59]} {[%emt 00:00:09]} 8. Nc4 {[%clk
01:26:46]} {[%emt 00:06:25]} Nd5 {[%clk 01:29:39]} {[%emt 00:02:50]} 9. Ne3
{[%clk 01:26:26]} {[%emt 00:00:50]} Nc7 {[%clk 01:26:24]} {[%emt 00:03:44]} 10.
Qf3 {[%clk 01:17:26]} {[%emt 00:09:31]} Nc6 {[%clk 01:20:10]} {[%emt 00:06:44]}
11. Bd2 {[%clk 01:15:21]} {[%emt 00:02:34]} a6 {[%clk 01:11:54]} {[%emt
00:08:46]} 12. Nxc7+ {[%clk 01:13:14]} {[%emt 00:02:37]} Qxc7 {[%clk 01:11:58]}
{[%emt 00:00:26]} 13. Bc3 {[%clk 01:13:16]} {[%emt 00:00:29]} Bd7 {[%clk
00:57:14]} {[%emt 00:15:14]} 14. O-O-O {[%clk 01:01:41]} {[%emt 00:12:05]} b5
{[%clk 00:32:02]} {[%emt 00:25:41]} 15. Qg3 {[%clk 01:01:10]} {[%emt 00:01:01]}
Qxg3 {[%clk 00:26:02]} {[%emt 00:06:30]} 16. hxg3 {[%clk 01:01:31]} {[%emt
00:00:09]} b4 {[%clk 00:25:56]} {[%emt 00:00:36]} 17. Bd2 {[%clk 00:57:53]}
{[%emt 00:04:07]} Bc5 {[%clk 00:26:07]} {[%emt 00:00:19]} 18. Bd3 {[%clk
00:54:12]} {[%emt 00:04:12]} Ne5 {[%clk 00:15:21]} {[%emt 00:11:17]} 19. Be2
{[%clk 00:48:52]} {[%emt 00:05:49]} Bc6 {[%clk 00:14:46]} {[%emt 00:01:05]} 20.
Rh4 {[%clk 00:33:58]} {[%emt 00:15:24]} a5 {[%clk 00:14:03]} {[%emt 00:01:13]}
21. Nc4 {[%clk 00:33:19]} {[%emt 00:01:09]} Nd7 {[%clk 00:10:14]} {[%emt
00:04:19]} 22. Be3 {[%clk 00:33:00]} {[%emt 00:00:48]} Bxe3+ {[%clk 00:09:05]}
{[%emt 00:01:39]} 23. Nxe3 {[%clk 00:33:26]} {[%emt 00:00:04]} Ke7 {[%clk
00:09:00]} {[%emt 00:00:34]} 24. Bf3 {[%clk 00:31:12]} {[%emt 00:02:45]} Bxf3
{[%clk 00:07:31]} {[%emt 00:01:59]} 25. gxf3 {[%clk 00:31:39]} {[%emt
00:00:03]} Ne5 {[%clk 00:07:26]} {[%emt 00:00:35]} 26. f4 {[%clk 00:31:16]}
{[%emt 00:00:53]} Nc6 {[%clk 00:06:49]} {[%emt 00:01:06]} 27. f5 {[%clk
00:31:05]} {[%emt 00:00:42]} Rad8 {[%clk 00:05:33]} {[%emt 00:01:45]} 28. Rxd8
{[%clk 00:30:20]} {[%emt 00:01:15]} Nxd8 {[%clk 00:04:46]} {[%emt 00:01:16]}
29. fxe6 {[%clk 00:29:39]} {[%emt 00:01:12]} Kxe6 {[%clk 00:05:14]} {[%emt
00:00:02]} 30. Re4+ {[%clk 00:29:03]} {[%emt 00:01:06]} Kd7 {[%clk 00:05:37]}
{[%emt 00:00:06]} 31. Rd4+ {[%clk 00:27:56]} {[%emt 00:01:38]} Kc7 {[%clk
00:04:06]} {[%emt 00:02:00]} 32. Rc4+ {[%clk 00:26:10]} {[%emt 00:02:17]} Kd7
{[%clk 00:03:07]} {[%emt 00:01:29]} 33. Rc5 {[%clk 00:24:50]} {[%emt 00:01:50]}
Nb7 {[%clk 00:03:27]} {[%emt 00:00:10]} 34. Rf5 {[%clk 00:23:11]} {[%emt
00:02:08]} f6 {[%clk 00:02:23]} {[%emt 00:01:33]} 35. Nc4 {[%clk 00:23:01]}
{[%emt 00:00:41]} h5 {[%clk 00:02:11]} {[%emt 00:00:42]} 36. Nxa5 {[%clk
00:22:15]} {[%emt 00:01:16]} Nd6 {[%clk 00:02:10]} {[%emt 00:00:31]} 37. Rd5
{[%clk 00:21:45]} {[%emt 00:01:00]} Ke6 {[%clk 00:02:37]} {[%emt 00:00:03]} 38.
Rd4 {[%clk 00:21:00]} {[%emt 00:01:15]} g5 {[%clk 00:02:40]} {[%emt 00:00:27]}
39. Nc6 {[%clk 00:15:52]} {[%emt 00:05:38]} h4 {[%clk 00:01:55]} {[%emt
00:01:15]} 40. gxh4 {[%clk 00:16:18]} {[%emt 00:00:04]} gxh4 {[%clk 00:01:08]}
{[%emt 00:01:16]} 41. Rd1 {[%clk 00:15:06]} {[%emt 00:01:42]} h3 {[%clk
00:27:46]} {[%emt 00:03:53]} 42. Nd4+ {[%clk 00:38:46]} {[%emt 00:06:50]} Ke5
{[%clk 00:25:48]} {[%emt 00:02:28]} 43. Nf3+ {[%clk 00:32:54]} {[%emt
00:06:23]} Kf4 {[%clk 00:25:22]} {[%emt 00:00:56]} 44. Nh2 {[%clk 00:33:11]}
{[%emt 00:00:13]} Ne4 {[%clk 00:24:20]} {[%emt 00:01:32]} 45. Rd3 {[%clk
00:32:29]} {[%emt 00:01:12]} Rg8 {[%clk 00:22:37]} {[%emt 00:02:12]} 46. Rf3+
{[%clk 00:30:37]} {[%emt 00:02:22]} Ke5 {[%clk 00:22:43]} {[%emt 00:00:23]} 47.
c4 {[%clk 00:28:50]} {[%emt 00:02:18]} *

[Event "Deutsche Ländermeisterschaft 2023"]
[Site "Hannover GER"]
[Date "2023.10.01"]
[Round "1"]
[White "Heinrich, John"]
[Black "Nemitz, Alfred"]
[Result "0-1"]
[Termination "normal"]
[Board "5.2"]
[BlackTitle "FM"]
[WhiteElo "2280"]
[BlackElo "2300"]
[WhiteClock "00:18:17"]
[BlackClock "00:27:45"]
[WhiteTeam "Sachsen"]
[BlackTeam "Brandenburg"]
[PlyCount "82"]
[WhiteFideId "16259491"]
[BlackFideId "34601791"]
[EventCountry "GER"]
[EventRounds "7"]
[EventType "team-swiss"]
[EventDate "2023.09.30"]

1. e4 {[%clk 01:30:56]} {[%emt 00:00:02]} e5 {[%clk 01:30:52]} {[%emt
00:00:08]} 2. Nf3 {[%clk 01:31:05]} {[%emt 00:00:20]} Nc6 {[%clk 01:31:12]}
{[%emt 00:00:11]} 3. Bb5 {[%clk 01:31:08]} {[%emt 00:00:27]} a6 {[%clk
01:31:36]} {[%emt 00:00:07]} 4. Ba4 {[%clk 01:31:33]} {[%emt 00:00:05]} Nf6
{[%clk 01:31:45]} {[%emt 00:00:18]} 5. O-O {[%clk 01:31:29]} {[%emt 00:00:36]}
Be7 {[%clk 01:31:54]} {[%emt 00:00:19]} 6. d3 {[%clk 01:31:13]} {[%emt
00:00:48]} b5 {[%clk 01:31:36]} {[%emt 00:00:48]} 7. Bb3 {[%clk 01:31:38]}
{[%emt 00:00:05]} d6 {[%clk 01:31:51]} {[%emt 00:00:15]} 8. a4 {[%clk
01:31:52]} {[%emt 00:00:16]} Bd7 {[%clk 01:31:39]} {[%emt 00:00:41]} 9. c3
{[%clk 01:29:39]} {[%emt 00:02:43]} O-O {[%clk 01:31:14]} {[%emt 00:00:54]} 10.
Nbd2 {[%clk 01:28:12]} {[%emt 00:01:59]} h6 {[%clk 01:08:05]} {[%emt 00:23:39]}
11. Re1 {[%clk 01:17:00]} {[%emt 00:11:42]} Na5 {[%clk 01:06:29]} {[%emt
00:02:06]} 12. Bc2 {[%clk 01:16:37]} {[%emt 00:00:53]} c5 {[%clk 01:06:56]}
{[%emt 00:00:03]} 13. Nf1 {[%clk 01:13:13]} {[%emt 00:03:53]} Nc6 {[%clk
01:04:49]} {[%emt 00:02:37]} 14. Ng3 {[%clk 01:10:51]} {[%emt 00:02:52]} Re8
{[%clk 01:04:28]} {[%emt 00:00:51]} 15. h3 {[%clk 00:59:47]} {[%emt 00:11:34]}
Bf8 {[%clk 01:03:49]} {[%emt 00:01:10]} 16. d4 {[%clk 00:56:29]} {[%emt
00:03:48]} cxd4 {[%clk 00:51:32]} {[%emt 00:12:45]} 17. cxd4 {[%clk 00:56:50]}
{[%emt 00:00:10]} Nb4 {[%clk 00:51:27]} {[%emt 00:00:35]} 18. Bb3 {[%clk
00:51:06]} {[%emt 00:06:14]} Rc8 {[%clk 00:49:06]} {[%emt 00:02:52]} 19. Be3
{[%clk 00:36:38]} {[%emt 00:14:58]} Qc7 {[%clk 00:39:53]} {[%emt 00:09:43]} 20.
Re2 {[%clk 00:31:53]} {[%emt 00:05:16]} Qb7 {[%clk 00:33:02]} {[%emt 00:07:21]}
21. d5 {[%clk 00:24:54]} {[%emt 00:07:29]} a5 {[%clk 00:27:14]} {[%emt
00:06:17]} 22. axb5 {[%clk 00:22:12]} {[%emt 00:03:12]} Bxb5 {[%clk 00:27:01]}
{[%emt 00:00:42]} 23. Rd2 {[%clk 00:22:22]} {[%emt 00:00:19]} Ra8 {[%clk
00:25:30]} {[%emt 00:02:01]} 24. Ba4 {[%clk 00:19:46]} {[%emt 00:03:07]} Rec8
{[%clk 00:25:36]} {[%emt 00:00:23]} 25. Ne1 {[%clk 00:15:16]} {[%emt 00:05:00]}
Nd7 {[%clk 00:16:45]} {[%emt 00:09:22]} 26. Nc2 {[%clk 00:08:42]} {[%emt
00:07:04]} g6 {[%clk 00:08:29]} {[%emt 00:08:45]} 27. Bxb5 {[%clk 00:07:56]}
{[%emt 00:01:17]} Qxb5 {[%clk 00:08:54]} {[%emt 00:00:06]} 28. Na3 {[%clk
00:08:09]} {[%emt 00:00:17]} Qb7 {[%clk 00:08:59]} {[%emt 00:00:24]} 29. Ne2
{[%clk 00:06:46]} {[%emt 00:01:53]} Nc5 {[%clk 00:08:42]} {[%emt 00:00:47]} 30.
Nc3 {[%clk 00:05:43]} {[%emt 00:01:33]} Bg7 {[%clk 00:08:25]} {[%emt 00:00:48]}
31. Nc4 {[%clk 00:03:49]} {[%emt 00:02:23]} Ra6 {[%clk 00:04:38]} {[%emt
00:04:17]} 32. Rxa5 {[%clk 00:02:35]} {[%emt 00:01:44]} Nxe4 {[%clk 00:02:59]}
{[%emt 00:02:08]} 33. Nxe4 {[%clk 00:02:01]} {[%emt 00:01:05]} Rxc4 {[%clk
00:03:23]} {[%emt 00:00:06]} 34. Rxa6 {[%clk 00:01:56]} {[%emt 00:00:35]} Qxa6
{[%clk 00:03:51]} {[%emt 00:00:03]} 35. Nc3 {[%clk 00:02:13]} {[%emt 00:00:12]}
f5 {[%clk 00:04:09]} {[%emt 00:00:12]} 36. f3 {[%clk 00:02:11]} {[%emt
00:00:32]} e4 {[%clk 00:02:46]} {[%emt 00:01:53]} 37. fxe4 {[%clk 00:02:14]}
{[%emt 00:00:27]} fxe4 {[%clk 00:03:12]} {[%emt 00:00:04]} 38. Qg4 {[%clk
00:01:16]} {[%emt 00:01:28]} Qa1+ {[%clk 00:02:13]} {[%emt 00:01:30]} 39. Kh2
{[%clk 00:01:17]} {[%emt 00:00:29]} Kh7 {[%clk 00:00:39]} {[%emt 00:02:04]} 40.
Nxe4 {[%clk 00:00:53]} {[%emt 00:00:53]} Rc1 {[%clk 00:00:39]} {[%emt
00:00:31]} 41. Nf2 {[%clk 00:18:17]} {[%emt 00:13:06]} Nc2 {[%clk 00:27:45]}
{[%emt 00:03:24]} *